Banking padhati aru bharotiya mudraniti : (Record no. 5419)

MARC details
000 -LEADER
fixed length control field 00509cam a2200169ua 4500
008 - FIXED-LENGTH DATA ELEMENTS--GENERAL INFORMATION
fixed length control field 131127n ii |||gr||||Z||||||asm
040 ## - CATALOGING SOURCE
Transcribing agency MAIN
082 ## - DEWEY DECIMAL CLASSIFICATION NUMBER
Classification number 332.1
245 ## - TITLE STATEMENT
Title Banking padhati aru bharotiya mudraniti :
Remainder of title Volume III /
Statement of responsibility, etc. By Krishna kanta kalita .
260 ## - PUBLICATION, DISTRIBUTION, ETC.
Place of publication, distribution, etc. Guwahati:
Name of publisher, distributor, etc. pathyaputhi prastuti samanay samiti,
Date of publication, distribution, etc. 1975.
300 ## - PHYSICAL DESCRIPTION
Extent x,307p.
700 ## - ADDED ENTRY--PERSONAL NAME
Personal name Kalita,Krishna kanta,
Relator term
942 ## - ADDED ENTRY ELEMENTS (KOHA)
Koha item type Books
653 ## - INDEX TERM--UNCONTROLLED
Uncontrolled term Commerce
653 ## - INDEX TERM--UNCONTROLLED
Uncontrolled term Banking paddhati aru bharotiya mudraniti
Holdings
Withdrawn status Lost status Damaged status Not for loan Home library Current library Shelving location Date acquired Total Checkouts Full call number Barcode Date last seen Copy number Price effective from Koha item type
        Central Library, Naharkatiya College Central Library, Naharkatiya College General Stacks 19/09/2020   332.1 | KAL 13785 19/09/2020 1 19/09/2020 Books

Naharkatiya College © 2020. All rights reserved.

Powered By